Tilastot visalle Auton merkit

Klikkaa tästä pelataksesi tätä visaa!

Yleistilastot

  • Tätä visaa on pelattu 503 kertaa
  • Keskiarvotulos 13 / 15

Vastaustilastot

Vastaus% Oikein
kia
98%
bmw
97%
volvo
97%
audi
96%
jeep
96%
toyota
96%
skoda
95%
volkswagen
93%
mercedes benz
90%
peugeot
90%
range rover
88%
alfa romeo
80%
ford mustang
77%
chevrolet
72%
chrysler
55%

Tulosjakauma

Persentiili vastausten määrän mukaan

Jokaisen tuloksen saaneiden osuus

Tuloshistoriasi

Et ole pelannut tätä visaa